| 000 | 00365 a2200169 4500 | ||
|---|---|---|---|
| 001 | 69420 | ||
| 020 | _a8508052952 | ||
| 040 | _cAnchieta - Itaigara | ||
| 100 | _aDupré, Maria José | ||
| 240 | 1 | 0 |
_aA ilha perdida _lpor |
| 245 | 1 | 0 | _aA ilha perdida |
| 300 | _a127 | ||
| 362 | 0 | _a2004 | |
| 440 | 1 | _aÁtica | |
| 650 | 4 | _aLiteratura infanto-juvenil | |
| 942 | _cBK | ||
| 999 |
_c69420 _d69420 |
||